Genetics : Analysis and principles
Genetics: Analysis and Principles, Professor Robert J. Brooker reinforces that connection by emphasizing the relevance and significance of the scientific method used by geneticists. Thirty-six text-integrated experiments reveal the "how" and "why" behind the most important resear...
Na minha lista:
| Autor principal: | |
|---|---|
| Formato: | Livro |
| Idioma: | Undetermined |
| Publicado em: |
Menlo Park, California
Addison Wesley Longman
1999
|
| Assuntos: | |
| Tags: |
Adicionar Tag
Sem tags, seja o primeiro a adicionar uma tag!
|
| Thư viện lưu trữ: | Trung tâm Học liệu Trường Đại học Cần Thơ |
|---|
| LEADER | 00983nam a2200205Ia 4500 | ||
|---|---|---|---|
| 001 | CTU_48939 | ||
| 008 | 210402s9999 xx 000 0 und d | ||
| 082 | |a 576.5 | ||
| 082 | |b B872 | ||
| 100 | |a Robert J. Brooker | ||
| 245 | 0 | |a Genetics : | |
| 245 | 0 | |b Analysis and principles | |
| 245 | 0 | |c Robert J. Brooker | |
| 260 | |a Menlo Park, California | ||
| 260 | |b Addison Wesley Longman | ||
| 260 | |c 1999 | ||
| 520 | |a Genetics: Analysis and Principles, Professor Robert J. Brooker reinforces that connection by emphasizing the relevance and significance of the scientific method used by geneticists. Thirty-six text-integrated experiments reveal the "how" and "why" behind the most important research that led to our current knowledge of the science. The overarching theme of the book, the important link between genes and traits, is mirrored in the cover image. | ||
| 650 | |a Genetics,Di truyền | ||
| 910 | |a Hải | ||
| 980 | |a Trung tâm Học liệu Trường Đại học Cần Thơ | ||